| 000 | 00512nam a22001337a 4500 | ||
|---|---|---|---|
| 008 | 181024b xxu||||| |||| 00| 0 eng d | ||
| 020 | _a950 9004 52 9 | ||
| 082 |
_a709.2 _bP323u |
||
| 100 |
_aPau-Llosa, Ricardo _94961 |
||
| 245 | _aUn acercamiento a Polesello | ||
| 260 |
_aBuenos Aires, Argentina _bEdiciones de Arte Gaglianone _c1984 |
||
| 300 |
_a170 p. _bill (col) _c31. 8 cm |
||
| 650 |
_2Arte - crítica e interpretación _xPolesello, Rogelio - artista argentino _xArte - Biografía _zArte - Argentina _96751 |
||
| 999 |
_c1649 _d1649 |
||